书目信息 |
| 题名: |
风筝和毽球
|
|
| 作者: | 白霞 编著 | |
| 分册: | ||
| 出版信息: | 北京 中国社会出版社 2006 |
|
| 页数: | 256页 | |
| 开本: | 21cm | |
| 丛书名: | 民族传统体育丛书 | |
| 单 册: | ||
| 中图分类: | G898.1 , G849.9 | |
| 科图分类: | ||
| 主题词: | 风筝--基本知识 , 毽球运动--基本知识 , 风筝 , 毽球运动 | |
| 电子资源: | ||
| ISBN: | 7-5087-1042-8 | |
| 000 | 00823oam2 2200313 450 | |
| 001 | 003284824 | |
| 005 | 20070923091405.95 | |
| 010 | @a7-5087-1042-8@dCNY13.00 | |
| 100 | @a20060124d2006 em y0chiy0110 ea | |
| 101 | 0 | @achi |
| 102 | @aCN@b110000 | |
| 105 | @aa z 000yy | |
| 106 | @ar | |
| 200 | 1 | @a风筝和毽球@9feng zheng he jian qiu@f白霞编著 |
| 210 | @a北京@c中国社会出版社@d2006 | |
| 215 | @a256页@c图@d21cm | |
| 225 | 2 | @a民族传统体育丛书 |
| 330 | @a本书介绍了风筝和毽球运动的知识、技法。 | |
| 461 | 0 | @12001 @a民族传统体育丛书 |
| 606 | 0 | @a风筝@x基本知识 |
| 606 | 0 | @a毽球运动@x基本知识 |
| 606 | 0 | @a风筝 |
| 606 | 0 | @a毽球运动 |
| 690 | @aG898.1@v4 | |
| 690 | @aG849.9@v4 | |
| 701 | 0 | @a白霞@9bai xia@c(体育)@4编著 |
| 801 | 0 | @aCN@bNLC@c20070923 |
| 905 | @dG898.1@e271 | |
| 905 | @dG849.9 | |
| 风筝和毽球/白霞编著.-北京:中国社会出版社,2006 |
| 256页:图;21cm.-(民族传统体育丛书) |
| ISBN 7-5087-1042-8:CNY13.00 |
| 本书介绍了风筝和毽球运动的知识、技法。 |
| ● |
| 相关链接 |
|
|
|
|
正题名:风筝和毽球
索取号:G898.1/271
 
预约/预借
| 序号 | 登录号 | 条形码 | 馆藏地/架位号 | 状态 | 备注 |
| 1 | 0626526 | 206265263 | 第一样本阅览室/ [索取号:G898.1/271] | 在馆 | |
| 2 | 0626527 | 206265272 | 第四借阅区/ [索取号:G898.1/271] | 在馆 | |
| 3 | 0626528 | 206265281 | 第四借阅区/ [索取号:G898.1/271] | 在馆 | |
| 4 | 0626529 | 206265290 | 第四借阅区/ [索取号:G898.1/271] | 在馆 | |
| 5 | 0626530 | 206265307 | 第四借阅区/ [索取号:G898.1/271] | 在馆 |